[Event "GER-ch Net blitz qual2"]
[Site "Playchess.com INT"]
[Date "2021.05.04"]
[Round "7"]
[White "Brunke, Pascal"]
[Black "Schmidt, Niko"]
[Result "1-0"]
[WhiteElo "1905"]
[BlackElo "1607"]
[PlyCount "39"]
[EventDate "2021.05.04"]
[EventType "swiss (blitz)"]
[EventRounds "11"]
[EventCountry "GER"]
[SourceTitle "CBM 202 Extra"]
[Source "ChessBase"]
[SourceDate "2021.07.31"]
[SourceVersion "1"]
[SourceVersionDate "2021.07.31"]
[SourceQuality "1"]

1. d4 Nf6 2. c4 e5 3. dxe5 Ng4 4. Nf3 Nc6 5. Nc3 Bb4 6. Bd2 Ngxe5 7. e3 0-0 8. Be2 d6 9. 0-0 Nxf3+ 10. Bxf3 Ne5 11. a3 Nxf3+ 12. Qxf3 Bc5 13. b4 Bb6 14. Nd5 Be6 15. Bc3 c6 16. Qg3 g6 17. Nf6+ Kg7 18. Qh4 h5 19. Nxh5+ Kg8 20. Nf6+ 1-0

[Event "GER-ch Net blitz qual2"]
[Site "Playchess.com INT"]
[Date "2021.05.04"]
[Round "9"]
[White "Rieling, Thomas"]
[Black "Schmidt, Niko"]
[Result "1-0"]
[WhiteElo "1791"]
[BlackElo "1607"]
[PlyCount "85"]
[EventDate "2021.05.04"]
[EventType "swiss (blitz)"]
[EventRounds "11"]
[EventCountry "GER"]
[SourceTitle "CBM 202 Extra"]
[Source "ChessBase"]
[SourceDate "2021.07.31"]
[SourceVersion "1"]
[SourceVersionDate "2021.07.31"]
[SourceQuality "1"]

1. e4 c5 2. Nc3 Nc6 3. f4 g6 4. Nf3 Bg7 5. d3 e6 6. g3 Nge7 7. Bg2 d5 8. 0-0 0-0 9. exd5 Nxd5 10. Nxd5 exd5 11. c3 Bg4 12. h3 Bf5 13. Nh4 Be6 14. f5 Bd7 15. fxg6 fxg6 16. Bxd5+ Kh8 17. Bg2 Qc7 18. Bf4 Be5 19. Qd2 Bxf4 20. Rxf4 Ne5 21. Raf1 Rxf4 22. Qxf4 Qd6 23. d4 cxd4 24. cxd4 Nc4 25. Bxb7 Rb8 26. Ba6 Qxf4 27. Rxf4 Ne3 28. Re4 Nd5 29. Bc4 Nf6 30. Re7 Bxh3 31. b3 Rd8 32. Nf3 Bg4 33. Ne5 Rxd4 34. Nf7+ Kg7 35. Ne5+ Kh8 36. Rxa7 Ne4 37. Nxg4 Nxg3 38. Nf2 Ne2+ 39. Kg2 Nf4+ 40. Kf3 Nh5 41. Ne4 Rd8 42. Ng5 h6 43. Nf7+ 1-0

[Event "GER-ch Net blitz qual2"]
[Site "Playchess.com INT"]
[Date "2021.05.04"]
[Round "3"]
[White "Schmidt, Niko"]
[Black "Darwiesh, Willi"]
[Result "1-0"]
[WhiteElo "1607"]
[BlackElo "1632"]
[PlyCount "105"]
[EventDate "2021.05.04"]
[EventType "swiss (blitz)"]
[EventRounds "11"]
[EventCountry "GER"]
[SourceTitle "CBM 202 Extra"]
[Source "ChessBase"]
[SourceDate "2021.07.31"]
[SourceVersion "1"]
[SourceVersionDate "2021.07.31"]
[SourceQuality "1"]

1. e4 c6 2. c4 d5 3. cxd5 cxd5 4. exd5 Qxd5 5. Nc3 Qa5 6. Nf3 Nc6 7. Bc4 Nf6 8. 0-0 Bf5 9. d4 e6 10. Bg5 Be7 11. Bb5 0-0 12. Bxc6 bxc6 13. Nh4 Bg4 14. Qd2 Rfd8 15. h3 Bh5 16. g4 Bg6 17. Nxg6 hxg6 18. f3 c5 19. Be3 Qc7 20. Qf2 cxd4 21. Bxd4 e5 22. Be3 Rac8 23. Rad1 Bb4 24. Nb5 Qa5 25. Nxa7 Rc4 26. Bb6 Rxd1 27. Bxa5 Bc5 28. Rxd1 Bxf2+ 29. Kxf2 Ra4 30. Bb6 Rxa2 31. Rd2 e4 32. Nc6 Ra6 33. Ne7+ Kf8 34. Bc5 Rc6 35. Nxg6+ Ke8 36. Ne5 Rb6 37. Bxb6 exf3 38. Kxf3 Ke7 39. Rd8 Nd5 40. Rxd5 Ke6 41. Rd7 Kxe5 42. Rxf7 Ke6 43. Rxg7 Kd5 44. Rg5+ Kc6 45. Kf4 Kxb6 46. h4 Kc6 47. h5 Kd7 48. h6 Ke6 49. h7 Kf7 50. h8Q Ke6 51. Qg7 Kd6 52. Qe5+ Kd7 53. Rg6 1-0

[Event "GER-ch Net blitz qual1"]
[Site "Playchess.com INT"]
[Date "2021.04.24"]
[Round "4"]
[White "Schmidt, Niko"]
[Black "Daeuber, Andreas"]
[Result "1-0"]
[WhiteElo "1547"]
[BlackElo "1705"]
[PlyCount "107"]
[EventDate "2021.04.24"]
[EventType "swiss (blitz)"]
[EventRounds "11"]
[EventCountry "GER"]
[SourceTitle "CBM 202 Extra"]
[Source "ChessBase"]
[SourceDate "2021.07.31"]
[SourceVersion "1"]
[SourceVersionDate "2021.07.31"]
[SourceQuality "1"]

1. e4 e5 2. Nf3 d6 3. d4 exd4 4. Nxd4 Nf6 5. Nc3 Be7 6. Bc4 0-0 7. 0-0 c6 8. Bg5 h6 9. Bh4 Nxe4 10. Bxe7 Nxc3 11. Bxd8 Nxd1 12. Bc7 Nxb2 13. Bb3 c5 14. Bxd6 c4 15. Bxf8 cxb3 16. axb3 Kxf8 17. Rab1 Nc4 18. bxc4 b6 19. Nb5 Na6 20. Ra1 Bb7 21. Nd6 Nc5 22. Nxb7 Nxb7 23. Rfd1 Nc5 24. Ra2 a6 25. Rda1 a5 26. Rb2 Nd7 27. Rb5 Re8 28. Kf1 Re4 29. Rd1 Ke7 30. Re1 Rxe1+ 31. Kxe1 Kd6 32. Rd5+ Kc6 33. Kd2 Nc5 34. Rd8 a4 35. Rg8 Ne6 36. Ra8 b5 37. cxb5+ Kxb5 38. Kc3 Nf4 39. Ra7 Nd5+ 40. Kb2 Kb4 41. Rxf7 a3+ 42. Ka1 g6 43. Rh7 h5 44. Rg7 Nf4 45. g3 Nh3 46. f4 Kc3 47. Rc7+ Kb4 48. Ka2 Ng1 49. c4 Nf3 50. c5 Nd4 51. c6 Nb5 52. Rb7 Ka4 53. Rxb5 Kxb5 54. c7 1-0

[Event "DSOL 05 Liga Gr-A 1st"]
[Site "Playchess.com INT"]
[Date "2020.07.28"]
[Round "6.4"]
[White "Wurdig, Georg"]
[Black "Schmidt, Niko"]
[Result "1-0"]
[WhiteElo "1651"]
[BlackElo "1618"]
[PlyCount "69"]
[EventDate "2020.06.22"]
[EventType "team-tourn (rapid)"]
[EventCountry "GER"]
[SourceTitle "EXT 2021"]
[Source "ChessBase"]
[SourceDate "2020.10.23"]
[SourceVersion "1"]
[SourceVersionDate "2020.10.23"]
[SourceQuality "1"]
[WhiteTeam "Illingen"]
[BlackTeam "Kaltenkirchen"]
[WhiteTeamCountry "GER"]
[BlackTeamCountry "GER"]

1. Nf3 c5 2. g3 Nc6 3. Bg2 g6 4. 0-0 Bg7 5. e4 Nf6 6. Re1 d5 7. exd5 Nxd5 8. Nc3 Nxc3 9. dxc3 0-0 10. Be3 Qa5 11. Qd5 c4 12. Qxc4 Be6 13. Qh4 Rad8 14. Ng5 h5 15. Nxe6 fxe6 16. Qc4 Rf6 17. Rad1 Rdf8 18. f4 Qf5 19. Qb3 Rd8 20. Rxd8+ Nxd8 21. Bxa7 h4 22. Bd4 Rf7 23. Qb6 Rf8 24. Bxg7 Kxg7 25. Qd4+ Kf7 26. Be4 Qh3 27. Qd3 Rh8 28. Bxg6+ Kg7 29. Qd4+ e5 30. Qxe5+ Kg8 31. Qxe7 hxg3 32. Qxd8+ Kg7 33. Qe7+ Kxg6 34. Qg5+ Kf7 35. Re7+ 1-0

[Event "Kiel op-B 27th"]
[Site "Kiel"]
[Date "2014.08.02"]
[Round "1"]
[White "Koch, Andreas Tigran"]
[Black "Schmidt, Niko"]
[Result "0-1"]
[WhiteElo "1214"]
[BlackElo "1811"]
[PlyCount "44"]
[EventDate "2014.08.02"]
[EventType "swiss"]
[EventRounds "9"]
[EventCountry "GER"]
[SourceTitle "CBM 161 Extra"]
[Source "ChessBase"]
[SourceDate "2014.08.29"]
[SourceVersion "1"]
[SourceVersionDate "2014.08.29"]
[SourceQuality "1"]

1. e4 c5 2. Nc3 Nc6 3. Nf3 g6 4. Bc4 Bg7 5. 0-0 Nf6 6. d3 0-0 7. Be3 d6 8. h3 a6 9. a3 b5 10. Ba2 Bb7 11. e5 Nxe5 12. Nxe5 dxe5 13. Bxc5 Rc8 14. b4 Re8 15. Qe2 Nd7 16. Qe3 Nxc5 17. bxc5 Qc7 18. Bd5 Bxd5 19. Nxd5 Qxc5 20. Qxc5 Rxc5 21. Nb4 a5 22. Na6 Rc6 0-1

[Event "Kiel op 25th"]
[Site "Kiel"]
[Date "2012.07.28"]
[Round "2"]
[White "Johansen, Johnny Holler"]
[Black "Schmidt, Niko"]
[Result "1/2-1/2"]
[WhiteElo "1966"]
[BlackElo "1580"]
[PlyCount "141"]
[EventDate "2012.07.28"]
[EventType "swiss"]
[EventRounds "9"]
[EventCountry "GER"]
[SourceTitle "EXT 2015"]
[Source "ChessBase"]
[SourceDate "2014.11.20"]
[SourceVersion "1"]
[SourceVersionDate "2014.11.20"]
[SourceQuality "1"]

1. e4 c5 2. Nf3 Nc6 3. d4 cxd4 4. Nxd4 g6 5. Nc3 Bg7 6. Be3 Nf6 7. Bc4 0-0 8. Bb3 e6 9. Ndb5 d5 10. exd5 exd5 11. 0-0 a6 12. Nd4 Be6 13. Qd2 Re8 14. Rad1 Qd7 15. f3 Na5 16. Na4 Nxb3 17. axb3 Qd8 18. Rfe1 Bd7 19. Nc5 Bc6 20. Nxc6 bxc6 21. b4 Nd7 22. Nxd7 Qxd7 23. c3 Re6 24. Bc5 Rae8 25. Rxe6 Qxe6 26. Ra1 Qc8 27. Qd3 h5 28. Rxa6 Re1+ 29. Kf2 Rh1 30. Ra7 Qe6 31. Qe2 Qxe2+ 32. Kxe2 Rxh2 33. Kf2 Rh1 34. b5 cxb5 35. Rb7 Rb1 36. Ba3 d4 37. cxd4 Bxd4+ 38. Kg3 Bxb2 39. Rxb5 h4+ 40. Kh2 Bxa3 41. Rxb1 Bd6+ 42. Kh3 Bg3 43. Kg4 Kg7 44. Rb6 Kh6 45. Rf6 Kg7 46. Ra6 Kh6 47. f4 f5+ 48. Kf3 Be1 49. Ra7 Bg3 50. Rb7 Be1 51. Ke2 Bg3 52. Ke3 Bh2 53. Rb1 Bg3 54. Rf1 Kh5 55. Kf3 Kh6 56. Rh1 Kh5 57. Rh3 Be1 58. Rh2 Bg3 59. Rh1 Kh6 60. Rb1 Bh2 61. Rb8 Kh7 62. Ra8 Bg3 63. Ke3 Bh2 64. Ra7+ Kh6 65. Rb7 Bg3 66. Kf3 Bh2 67. Rd7 Bg3 68. Rf7 Be1 69. Ke2 Bg3 70. Ke3 Bh2 71. Kf3 1/2-1/2

[Event "Schleswig Holstein-ch U18 Vormeister"]
[Site "Neumuenster"]
[Date "2011.05.01"]
[Round "9.2"]
[White "Schmidt, Niko"]
[Black "Jensen, Malte"]
[Result "1/2-1/2"]
[WhiteElo "1430"]
[BlackElo "1447"]
[PlyCount "25"]
[EventDate "2011.04.25"]
[EventType "swiss"]
[EventRounds "9"]
[EventCountry "GER"]
[SourceTitle "EXT 2022"]
[Source "ChessBase"]
[SourceDate "2021.10.06"]
[SourceVersion "1"]
[SourceVersionDate "2021.10.06"]
[SourceQuality "1"]

1. e4 g6 2. d4 d6 3. Nc3 Bg7 4. Nf3 Nd7 5. Bc4 e6 6. 0-0 Ngf6 7. Bg5 h6 8. Be3 Ng4 9. Qd2 Nxe3 10. fxe3 0-0 11. Rad1 Qe7 12. Qf2 Nb6 13. Bb3 1/2-1/2

[Event "Schleswig Holstein-ch U18 Vormeister"]
[Site "Neumuenster"]
[Date "2011.04.30"]
[Round "8.3"]
[White "Schmidt, Niko"]
[Black "Willers, Nico"]
[Result "1-0"]
[WhiteElo "1430"]
[BlackElo "1268"]
[PlyCount "29"]
[EventDate "2011.04.25"]
[EventType "swiss"]
[EventRounds "9"]
[EventCountry "GER"]
[SourceTitle "EXT 2022"]
[Source "ChessBase"]
[SourceDate "2021.10.06"]
[SourceVersion "1"]
[SourceVersionDate "2021.10.06"]
[SourceQuality "1"]

1. e4 e5 2. Nf3 f5 3. d3 Nc6 4. c3 Bc5 5. Be2 Nf6 6. exf5 d6 7. d4 exd4 8. cxd4 Bb4+ 9. Nc3 Bxf5 10. 0-0 Qd7 11. Bb5 0-0-0 12. Ne4 Qe8 13. Qa4 Nd7 14. Bxc6 bxc6 15. Qa6+ 1-0

[Event "Schleswig Holstein-ch U18 Vormeister"]
[Site "Neumuenster"]
[Date "2011.04.28"]
[Round "5.2"]
[White "Zessin, Bjoern"]
[Black "Schmidt, Niko"]
[Result "1/2-1/2"]
[WhiteElo "1357"]
[BlackElo "1430"]
[PlyCount "58"]
[EventDate "2011.04.25"]
[EventType "swiss"]
[EventRounds "9"]
[EventCountry "GER"]
[SourceTitle "EXT 2022"]
[Source "ChessBase"]
[SourceDate "2021.10.06"]
[SourceVersion "1"]
[SourceVersionDate "2021.10.06"]
[SourceQuality "1"]

1. e4 c5 2. Nf3 Nc6 3. d4 cxd4 4. Nxd4 g6 5. Nc3 Bg7 6. Be3 Nf6 7. Nxc6 bxc6 8. Bc4 0-0 9. Qd2 Bb7 10. f3 d5 11. exd5 cxd5 12. Bb3 Qd7 13. 0-0-0 e6 14. Bh6 Rfe8 15. Ba4 Bc6 16. Bxc6 Qxc6 17. g4 Bh8 18. h4 Rab8 19. b3 Nxg4 20. fxg4 Qxc3 21. Qxc3 Bxc3 22. Rd3 Bh8 23. h5 Rb7 24. hxg6 fxg6 25. Re1 Rf7 26. Rxd5 Bc3 27. Re3 Rf1+ 28. Rd1 Bb2+ 29. Kd2 Rd8+ 1/2-1/2

[Event "Schleswig Holstein-ch U16 Vormeister"]
[Site "Neumuenster"]
[Date "2010.04.11"]
[Round "9"]
[White "Lentz, Florian"]
[Black "Schmidt, Niko"]
[Result "1-0"]
[WhiteElo "1240"]
[BlackElo "1320"]
[PlyCount "71"]
[EventDate "2010.04.05"]
[EventType "swiss"]
[EventRounds "9"]
[EventCountry "GER"]
[SourceTitle "EXT 2023"]
[Source "ChessBase"]
[SourceDate "2022.10.05"]
[SourceVersion "1"]
[SourceVersionDate "2022.10.05"]
[SourceQuality "1"]

1. e4 c5 2. Nf3 Nc6 3. d4 cxd4 4. Nxd4 g6 5. Nc3 Bg7 6. Be3 Nf6 7. Bc4 Qa5 8. 0-0 Qb4 9. Bb3 Nxe4 10. Nxc6 bxc6 11. a3 Nxc3 12. Qf3 Qe4 13. Qxf7+ Kd8 14. Qxg7 Ne2+ 15. Kh1 d6 16. Qxh8+ Kc7 17. Rfe1 Bh3 18. f3 Qxe3 19. Qxh7 Bxg2+ 20. Kxg2 Nf4+ 21. Kg3 Ne2+ 22. Rxe2 Qxe2 23. Qxg6 Qe5+ 24. Kf2 Qxh2+ 25. Ke3 Qe5+ 26. Qe4 Qg5+ 27. Kd3 d5 28. Qe3 Qf5+ 29. Kd2 Rh8 30. Re1 Rh2+ 31. Kc1 Rh3 32. Qxe7+ Kb6 33. Qb4+ Kc7 34. Re7+ Kc8 35. Qb7+ Kd8 36. Qc7# 1-0

[Event "Schleswig Holstein-ch U14 VM"]
[Site "Neumuenster"]
[Date "2008.03.28"]
[Round "7"]
[White "Falke, Johannes"]
[Black "Schmidt, Niko"]
[Result "0-1"]
[WhiteElo "1041"]
[BlackElo "855"]
[PlyCount "90"]
[EventDate "2008.03.24"]
[EventType "swiss"]
[EventRounds "9"]
[EventCountry "GER"]
[SourceTitle "EXT 2009"]
[Source "ChessBase"]
[SourceDate "2008.11.26"]
[SourceVersion "1"]
[SourceVersionDate "2008.11.26"]
[SourceQuality "1"]

1. e4 c5 2. Nf3 Nc6 3. d4 cxd4 4. Nxd4 Nf6 5. Nc3 g6 6. Be3 Bg7 7. Bc4 Qa5 8. Qd2 Nxe4 9. Nxe4 Qxd2+ 10. Bxd2 Nxd4 11. 0-0-0 Nc6 12. Bb3 0-0 13. Rhe1 e6 14. g4 a5 15. Ba4 b6 16. Bb5 Ba6 17. Nd6 Bxb5 18. Nxb5 d5 19. h4 Na7 20. Nxa7 Rxa7 21. h5 b5 22. a3 Rfa8 23. hxg6 hxg6 24. f4 b4 25. a4 Rc7 26. b3 Rac8 27. c3 bxc3 28. Be3 Rb8 29. Kc2 Rcb7 30. Rb1 d4 31. Bf2 Rd8 32. Red1 Rbd7 33. Rd3 e5 34. fxe5 Bxe5 35. b4 axb4 36. Rxb4 Bg7 37. a5 Ra7 38. Bxd4 Rxa5 39. Bxc3 Rc8 40. Kb3 Bxc3 41. Rxc3 Rxc3+ 42. Kxc3 Kh7 43. Kd3 Re5 44. Rb7 Kg7 45. Kd4 Rg5 0-1

[Event "Schleswig Holstein-ch U14 VM"]
[Site "Neumuenster"]
[Date "2008.03.27"]
[Round "5"]
[White "Ananjew, Alexander"]
[Black "Schmidt, Niko"]
[Result "1/2-1/2"]
[WhiteElo "819"]
[BlackElo "855"]
[PlyCount "69"]
[EventDate "2008.03.24"]
[EventType "swiss"]
[EventRounds "9"]
[EventCountry "GER"]
[SourceTitle "EXT 2009"]
[Source "ChessBase"]
[SourceDate "2008.11.26"]
[SourceVersion "1"]
[SourceVersionDate "2008.11.26"]
[SourceQuality "1"]

1. c4 c5 2. Nc3 Nc6 3. g3 g6 4. Bg2 Bg7 5. d3 Nf6 6. Nf3 0-0 7. 0-0 d6 8. a3 Bg4 9. Rb1 Qd7 10. b4 Bh3 11. b5 Ne5 12. Nxe5 dxe5 13. Bb2 Bxg2 14. Kxg2 b6 15. Ne4 Nxe4 16. dxe4 Qb7 17. Qd5 Qc7 18. Qd3 Rad8 19. Qc2 f6 20. Rfd1 Rxd1 21. Rxd1 Rd8 22. Rxd8+ Qxd8 23. Qd3 Qe8 24. Qd5+ e6 25. Qb7 Qd8 26. Qxa7 Qd2 27. Qb8+ Bf8 28. Ba1 Qxe2 29. Qxb6 Qxe4+ 30. Kh3 Qe1 31. Qxe6+ Kg7 32. Qd5 Qxa1 33. Qd7+ Kg8 34. Qe6+ Kg7 35. Qd7+ 1/2-1/2